J Balvin & Bad Bunny - OASIS Album - Statistics

General Stats
  • This quiz has been taken 55 times
  • The average score is 6 of 8
Answer Stats
# Track Name % Correct
5 LA CANCIÓN
100%
6 UN PESO
91%
4 QUÉ PRETENDES
88%
1 MOJAÍTA
75%
8 COMO UN BEBÉ
72%
7 ODIO
66%
3 CUIDAO POR AHÍ
56%
2 YO LE LLEGO
56%
No matching quizzes found
Score Distribution
Percent of People with Each Score
Percentile by Number Answered
Your Score History
You have not taken this quiz